000 00414nam a2200133Ia 4500
008 100328s9999 xx 000 0 und d
082 _b18133
100 _aअग्रवाल हरिकिशनदास
245 _aसंसार का सार
260 _bतुलसी मानस
630 _aसंसार का सार
730 _aसंसार का सार
942 _cBOOK
999 _c512589
_d512586